Sekuritizácia v životnom poistení

Využitie sekuritizácie v poisťovníctve na prenos rizika. Sekuritizácia vnútornej hodnoty. Sekuritizácia a krytie požadovaného kapitálu. Prenos rizika extrémnej úmrtnosti alebo dlhovekosti. Budúcnosť sekuritizácie pri životnom poistení.

Gespeichert in:
Bibliographische Detailangaben
1. Verfasser: Marko, Peter
Format: Buchkapitel
Sprache:Slowakisch
Schlagworte:
Tags: Tag hinzufügen
Keine Tags, Fügen Sie das erste Tag hinzu!

MARC

LEADER 00000naa$a2200000$$$4500
001 0080614
005 20240502083217.6
041 0 |a slo 
044 |a CZ 
245 1 0 |a Sekuritizácia v životnom poistení  |c Peter Marko 
520 |a Využitie sekuritizácie v poisťovníctve na prenos rizika. Sekuritizácia vnútornej hodnoty. Sekuritizácia a krytie požadovaného kapitálu. Prenos rizika extrémnej úmrtnosti alebo dlhovekosti. Budúcnosť sekuritizácie pri životnom poistení. 
610 2 0 |a poisťovníctvo 
610 2 0 |a poistenie životné 
610 2 0 |a riziko poistné 
610 2 0 |a kapitál 
610 2 0 |a poistenie neživotné 
610 2 0 |a dlhopisy 
610 2 0 |a papiere cenné 
100 1 |a Marko, Peter